| 000 | 00511nam a2200193Ia 4500 | ||
|---|---|---|---|
| 008 | 180207s9999 xx 000 0 und d | ||
| 020 | _a9780590113519 | ||
| 050 | _bP519 1999 | ||
| 100 | _aPeyton, K. M. | ||
| 245 | 4 | _aThe pied piper / | |
| 245 | _cretold by K. M. Peyton ; illustrated by Victor Ambrus. | ||
| 260 | _aNew York : | ||
| 260 | _bScholastic, | ||
| 260 | _c1999 | ||
| 300 | _a44 pages : | ||
| 300 | _billustrations ; | ||
| 300 | _c19cm. | ||
| 650 | _aThe story to read or tell for just 1. | ||
| 999 |
_c355775 _d355775 |
||